00455 2200181 4500001002100000008004100021035002000062245003500082100001500117260003700132300002000169020002200189084001400211082000800225650001000233990001500243990001500258INLIS000000000003209 ind  a0010-1225000030 aNegeri Para BedebahcTere Liye aLiye, Tere aDepok :bPT Sabak Grip Nusantara a436c13,5x20 cm a978-623-8829-62-0 a813 LIY n a813 aFiksi a19654/B/26 a19655/B/26